00761nam a2200241 a 4500001001300000003000900013005001700022008004100039020001000080082002100090100001700111245007100128260005000199300000900249500003500258505001800293650002200311700001700333902000800350942000700358952013700365999001700502nice12345678IN_TiNIC20260116014207.0080623s2007 newa grp 000 0 eng  ac29500a324.245408bSHA1 aShani, Ornit aCommunalism, Caste and Hindu Nationalismb The Violence in Gujarat aNew Delhi bCambridge University Press c2007 a215p aincludes index and biblioraphy2 abiblio, index aCommunalism-India1 aShani, Ornit bSRS cBK 001040708StackRoom-aHMIbHMId2008-06-23g295.00l3m1o324.245408 SHA1p022446r2020-03-06s2020-02-24v295.00w2008-06-23yBK c14269d14269